Artc̕ulos de Derecho Urbano Abogados

Bibliographic Details
Format: eBook
Language:Spanish
Published: Mx̌ico D.F: Mx̌ico Fiscal, 2013 -
Subjects:
Online Access:Acceso restringido

MARC

LEADER 00000nam a22000007a 4500
005 2013070804044.0
007 cr|||| ||||
008 130708c20139999mx |||| s|||| 0|||a1spa d
035 |a 11372 
040 |a vLex 
090 |c 4387  |d 4387 
245 1 0 |a Artc̕ulos de Derecho Urbano Abogados  |h [Recurso electrn̤ico] 
256 |a Servicio en ln̕ea 
260 |a Mx̌ico D.F:  |b Mx̌ico Fiscal,  |c 2013 -  
300 |a 1 recurso electrn̤ico 
321 |a Indeterminada 
362 |a Nm︢. 1 (2013) -  
506 1 |a Contenido solo disponible en los productos indicados  |d vLex Global  |d vLex Global (Academic Edition, excluding Law Schools)  |d vLex Global (U.S. Academic Edition, Law Schools)  |d vLex Global (U.S. Academic Edition, excluding Law Schools)  |d vLex Global (Academic Edition, Law Schools) 
650 0 4 |a Derecho urbans̕tico  |z Colombia 
740 0 |a vLex Libros (Servicio en ln̕ea) 
856 4 0 |u http://vlex.com/source/articulos-derecho-urbano-abogados-11372  |z Acceso restringido 
942 |c REV 
999 0 |a City planning and redevelopment law